Normal view
MARC view
- Ladommatos, Nicos
Entry Personal Name
001 - CONTROL NUMBER
- control field: 83577
003 - CONTROL NUMBER IDENTIFIER
- control field: NUST
005 - DATE AND TIME OF LATEST TRANSACTION
- control field: 20211101103205.0
008 - FIXED-LENGTH DATA ELEMENTS
- fixed length control field: 211101|| aca||aabn | a|a d
040 ## - CATALOGING SOURCE
- Original cataloging agency: NUST
- Transcribing agency: NUST
100 ## - HEADING--PERSONAL NAME
- Personal name: Ladommatos, Nicos
670 ## - SOURCE DATA FOUND
- Source citation: Work cat.: (NUST)33186: Zhao, Hua, 1963- 83575, Engine combustion instrumentation and diagnostics /, c2001.
